| 000 | 01179cam a22003375a 4500 | ||
|---|---|---|---|
| 001 | 017366862 | ||
| 003 | OSt | ||
| 005 | 20201128023736.0 | ||
| 008 | 150514t2016 enka frbd 001 0 eng d | ||
| 020 | _a9781292095042 | ||
| 020 | _a1292095040 | ||
| 040 |
_aStDuBDS _beng _cStDuBDS _dEG-SCBUE _dEG-SCBUE |
||
| 082 | 0 | 4 |
_a658.049 _bWIL _222 |
| 100 | 1 |
_aWild, John J. _94506 |
|
| 245 | 1 | 0 |
_aInternational business : _bthe challenges of globalization / _cJohn J. Wild, Kenneth L. Wild. |
| 250 | _a8th ed., Global ed. | ||
| 260 |
_aHarlow : _bPearson Education Limited, _cc.2016. |
||
| 300 |
_a460 p. : _bill. ; _c28 cm. |
||
| 500 | _aPrevious edition : 2014. | ||
| 500 | _aIncludes student access code inside : My management lab. | ||
| 500 | _aGlossary : p. 437-444. | ||
| 504 | _aIncludes bibliographical references and indexes. | ||
| 650 | 7 |
_aInternational business enterprises _xManagement. _2BUEsh _94507 |
|
| 650 | 7 |
_aInternational trade. _2BUEsh _94508 |
|
| 650 | 7 |
_aGlobalization. _2BUEsh _92820 |
|
| 651 | _2BUEsh | ||
| 653 |
_bBUSADM _cMay2016 _cNovember2016 _cOctober2017 |
||
| 655 |
_vText book _933728 |
||
| 700 | 1 | 0 | _aWild, Kenneth L., |
| 942 | _2ddc | ||
| 999 |
_c21726 _d21698 |
||